000 00591nam a22002057a 4500
003 OSt
005 20140310182313.0
008 130919t xxu||||| |||| 00| 0 eng d
050 _aPE 1117
_b.C392a 1993
082 _aGS 372.4
_bCel.6E 1993
245 _aArriving before I start :
_bpassages through time /
260 _aIllinois :
_bScott, Foresman and Company,
_c1993.
300 _a144 p. :
_c22 cm.
440 _aCelebrate reading!
_920980
650 _aReading
_9902
650 _aChildrens Stories
_95902
650 _aTime Machine
_95785
942 _2lcc
_cBK-GS
999 _c11714
_d11714